[Event "Pardubice Czech op-A 26th"]
[Site "Pardubice"]
[Date "2015.07.27"]
[Round "4"]
[White "Zwardon, Vojtech"]
[Black "Berezovics, Alexander"]
[Result "1-0"]
[WhiteElo "2397"]
[BlackElo "2226"]
[PlyCount "93"]
[EventDate "2015.07.24"]
[EventType "swiss"]
[EventRounds "9"]
[EventCountry "CZE"]
[SourceTitle "CBM 167 Extra"]
[Source "ChessBase"]
[SourceDate "2015.09.14"]
[SourceVersion "1"]
[SourceVersionDate "2015.09.14"]
[SourceQuality "1"]

1. c4 g6 2. g3 Bg7 3. Bg2 d6 4. Nc3 e5 5. d3 Nd7 6. Bd2 f5 7. Nf3 Ngf6 8. 0-0 0-0 9. Qc1 a5 10. Bh6 c6 11. Bxg7 Kxg7 12. b3 Qe7 13. Qb2 b6 14. a3 Bb7 15. b4 Ra7 16. Nd2 Rfa8 17. Rfb1 Qe6 18. bxa5 Rxa5 19. Nb3 R5a6 20. a4 R8a7 21. a5 bxa5 22. Rxa5 d5 23. Rxa6 Rxa6 24. Nd4 exd4 25. Qxb7 dxc3 26. Qxa6 Qxe2 27. cxd5 c2 28. Rf1 cxd5 29. Qa1 Ne5 30. Re1 Qxe1+ 31. Qxe1 Nxd3 32. Qe7+ Kh6 33. Qf8+ Kh5 34. Qxf6 c1Q+ 35. Bf1 Kh6 36. Qh4+ Kg7 37. Qd4+ Kf8 38. Qxd3 Qc5 39. Qa6 Kg7 40. Qb5 Qd6 41. Qb7+ Kh6 42. h4 Qe5 43. Qf7 d4 44. Qf8+ Kh5 45. Qd8 h6 46. Qd5 Qe4 47. Qxe4 1-0

[Event "Rethymno op 5th"]
[Site "Rethymno"]
[Date "2013.08.04"]
[Round "9"]
[White "Berezovics, Alexander"]
[Black "Papadopoulos, Georgios3"]
[Result "1/2-1/2"]
[WhiteElo "2225"]
[BlackElo "2072"]
[PlyCount "31"]
[EventDate "2013.07.28"]
[EventType "swiss"]
[EventRounds "9"]
[EventCountry "GRE"]
[SourceTitle "CBM 155 Extra"]
[Source "ChessBase"]
[SourceDate "2013.08.26"]
[SourceVersion "1"]
[SourceVersionDate "2013.08.26"]
[SourceQuality "1"]

1. Nf3 Nf6 2. c4 e6 3. b3 d5 4. Bb2 Be7 5. g3 0-0 6. Bg2 Nbd7 7. 0-0 c6 8. d3 b6 9. Nbd2 Bb7 10. e3 c5 11. Qe2 a6 12. Rfd1 Rc8 13. d4 Qc7 14. cxd5 Nxd5 15. e4 N5f6 16. Rac1 1/2-1/2

[Event "Rethymno op 5th"]
[Site "Rethymno"]
[Date "2013.07.29"]
[Round "3"]
[White "Berezovics, Alexander"]
[Black "Pap, Misa"]
[Result "1-0"]
[WhiteElo "2225"]
[BlackElo "2489"]
[PlyCount "121"]
[EventDate "2013.07.28"]
[EventType "swiss"]
[EventRounds "9"]
[EventCountry "GRE"]
[SourceTitle "CBM 155 Extra"]
[Source "ChessBase"]
[SourceDate "2013.08.26"]
[SourceVersion "1"]
[SourceVersionDate "2013.08.26"]
[SourceQuality "1"]

1. c4 c5 2. Nc3 Nc6 3. g3 g6 4. Bg2 Bg7 5. Nf3 e5 6. 0-0 Nge7 7. a3 d6 8. b4 Be6 9. Ng5 Bxc4 10. d3 Be6 11. Nxe6 fxe6 12. bxc5 dxc5 13. Ne4 b6 14. Ng5 Qd7 15. Qb3 Nd4 16. Qa2 Rc8 17. e3 h6 18. exd4 hxg5 19. dxc5 Rxc5 20. Be4 Kf7 21. Bxg5 Nd5 22. Qe2 Bf6 23. Qg4 Qe7 24. Be3 Rg8 25. Bxc5 Qxc5 26. Rac1 Nc3 27. Rc2 Qxa3 28. Rfc1 Rc8 29. Qxg6+ Ke7 30. Kg2 b5 31. g4 b4 32. g5 Bh8 33. Bb7 Rb8 34. Bc6 Kd6 35. Bf3 Qa5 36. h4 Rf8 37. Qh6 Qd8 38. Qh7 Rf4 39. Kg3 Qf8 40. Qb7 e4 41. Qxb4+ Kd7 42. Qxf8 Rxf8 43. Bxe4 Be5+ 44. Kh3 Rc8 45. Kg4 a5 46. f4 Bd4 47. f5 a4 48. fxe6+ Kd6 49. Ra1 Rc7 50. Rxc3 Bxc3 51. Rxa4 Ke5 52. Rc4 Rxc4 53. dxc4 Bb4 54. Bd5 Be7 55. h5 Kd6 56. h6 Bf8 57. Kh5 Ke7 58. g6 Kf6 59. g7 Bxg7 60. hxg7 Kxg7 61. e7 1-0

[Event "Kesarovski Georgiev Memorial 11th"]
[Site "Sunny Beach"]
[Date "2012.09.07"]
[Round "7"]
[White "Berezovics, Alexander"]
[Black "Golcman, Evgeny"]
[Result "1/2-1/2"]
[WhiteElo "2199"]
[BlackElo "2329"]
[PlyCount "75"]
[EventDate "2012.09.01"]
[EventType "swiss"]
[EventRounds "9"]
[EventCountry "BUL"]
[SourceTitle "CBM 150 Extra"]
[Source "ChessBase"]
[SourceDate "2012.10.19"]
[SourceVersion "1"]
[SourceVersionDate "2012.10.19"]
[SourceQuality "1"]

1. d4 c5 2. d5 Nf6 3. c4 g6 4. Nc3 Bg7 5. Nf3 0-0 6. Bg5 d6 7. e3 Na6 8. Be2 Nc7 9. 0-0 h6 10. Bh4 g5 11. Bg3 Nh5 12. Qc2 Nxg3 13. hxg3 e6 14. Rfd1 exd5 15. Nxd5 Nxd5 16. Rxd5 Be6 17. Rd2 Qe7 18. Rad1 Rad8 19. Qa4 b6 20. Nh2 Qc7 21. Bf3 Rd7 22. Bc6 Rdd8 23. Bf3 Rc8 24. Qc2 Rfd8 25. Bd5 Qe7 26. Qd3 Qf6 27. g4 Rc7 28. b3 Re7 29. Qe2 Red7 30. Nf1 Qe7 31. Ng3 Kh8 32. Qf3 Bc3 33. Rd3 Be5 34. Nf5 Qf6 35. Bc6 Bxf5 36. Qxf5 Qxf5 37. gxf5 Rc7 38. Bf3 1/2-1/2

[Event "Kesarovski Georgiev Memorial 11th"]
[Site "Sunny Beach"]
[Date "2012.09.05"]
[Round "5"]
[White "Berezovics, Alexander"]
[Black "Vrchotka, Josef"]
[Result "1-0"]
[WhiteElo "2199"]
[BlackElo "2017"]
[PlyCount "53"]
[EventDate "2012.09.01"]
[EventType "swiss"]
[EventRounds "9"]
[EventCountry "BUL"]
[SourceTitle "CBM 150 Extra"]
[Source "ChessBase"]
[SourceDate "2012.10.19"]
[SourceVersion "1"]
[SourceVersionDate "2012.10.19"]
[SourceQuality "1"]

1. d4 d5 2. Nf3 Nf6 3. c4 e6 4. g3 c6 5. Qc2 Nbd7 6. Bg2 Bd6 7. 0-0 0-0 8. Rd1 Qe7 9. Nc3 dxc4 10. Nd2 Nb6 11. Nce4 Nxe4 12. Bxe4 c3 13. bxc3 f5 14. Bg2 e5 15. e3 Bc7 16. a4 e4 17. a5 Nd7 18. Ba3 Bd6 19. Qb3+ Kh8 20. Nc4 Bxa3 21. Qxa3 Qxa3 22. Rxa3 Rb8 23. Rb1 Rd8 24. Nd6 Kg8 25. Nxf5 Nf6 26. Ne7+ Kf8 27. Nxc6 1-0

[Event "Kesarovski Georgiev Memorial 11th"]
[Site "Sunny Beach"]
[Date "2012.09.04"]
[Round "4"]
[White "Maier, Christian"]
[Black "Berezovics, Alexander"]
[Result "1-0"]
[WhiteElo "2345"]
[BlackElo "2199"]
[PlyCount "81"]
[EventDate "2012.09.01"]
[EventType "swiss"]
[EventRounds "9"]
[EventCountry "BUL"]
[SourceTitle "CBM 150 Extra"]
[Source "ChessBase"]
[SourceDate "2012.10.19"]
[SourceVersion "1"]
[SourceVersionDate "2012.10.19"]
[SourceQuality "1"]

1. d4 d6 2. g3 g6 3. Bg2 Bg7 4. Nf3 Nd7 5. 0-0 e5 6. e4 Ngf6 7. Re1 0-0 8. h3 Re8 9. Nc3 exd4 10. Nxd4 Nc5 11. Nb3 Nxb3 12. axb3 a6 13. Kh2 Rb8 14. Be3 Bd7 15. Qd2 Bc6 16. Bg5 Qd7 17. Rad1 h5 18. Bh6 Bh8 19. f4 Kh7 20. Bg5 Ng8 21. e5 f6 22. exf6 Nxf6 23. Bxc6 bxc6 24. Bxf6 Bxf6 25. Ne4 Be7 26. Qd3 d5 27. h4 Qf5 28. Nf2 Qxd3 29. Nxd3 Bd6 30. Kg2 Kg7 31. Kf3 Kf6 32. Rxe8 Rxe8 33. Ra1 Ra8 34. Ra5 Ke6 35. b4 Kd7 36. b3 Kc8 37. c4 Kb7 38. cxd5 Kb6 39. dxc6 Bxb4 40. Rg5 Bd6 41. Ne5 1-0

[Event "Kesarovski Georgiev Memorial 11th"]
[Site "Sunny Beach"]
[Date "2012.09.01"]
[Round "1"]
[White "Chervenkov, Dinko"]
[Black "Berezovics, Alexander"]
[Result "0-1"]
[WhiteElo "1725"]
[BlackElo "2199"]
[PlyCount "33"]
[EventDate "2012.09.01"]
[EventType "swiss"]
[EventRounds "9"]
[EventCountry "BUL"]
[SourceTitle "CBM 150 Extra"]
[Source "ChessBase"]
[SourceDate "2012.10.19"]
[SourceVersion "1"]
[SourceVersionDate "2012.10.19"]
[SourceQuality "1"]

1. c4 d6 2. e4 g6 3. d4 Bg7 4. Be3 c5 5. Nc3 Nd7 6. Nf3 Ngf6 7. Be2 0-0 8. 0-0 h6 9. h3 Kh7 10. dxc5 Nxc5 11. Bxc5 dxc5 12. Qb3 e6 13. Rfd1 Qe7 14. Qa3 b6 15. Ne5 Bb7 16. Bf3 a6 17. Qb3 0-1

[Event "Thailand op 11th"]
[Site "Pattaya"]
[Date "2011.04.13"]
[Round "4"]
[White "Lee Kah Meng, Elgin"]
[Black "Berezovics, Alexander"]
[Result "0-1"]
[WhiteElo "1904"]
[BlackElo "2206"]
[PlyCount "74"]
[EventDate "2011.04.11"]
[EventType "swiss"]
[EventRounds "9"]
[EventCountry "THA"]
[SourceTitle "CBM 141 Extra"]
[Source "ChessBase"]
[SourceDate "2011.05.03"]
[SourceVersion "1"]
[SourceVersionDate "2011.05.03"]
[SourceQuality "1"]

1. d4 d6 2. c4 g6 3. Nc3 Bg7 4. e4 Nd7 5. Be2 e5 6. d5 a5 7. f3 Nc5 8. Be3 h5 9. Qd2 Bh6 10. 0-0-0 Bd7 11. g3 Bxe3 12. Qxe3 h4 13. g4 f6 14. f4 exf4 15. Qxf4 Qe7 16. h3 0-0-0 17. Nf3 Re8 18. Rhe1 g5 19. Qe3 Nh6 20. e5 dxe5 21. d6 cxd6 22. Nd5 Qd8 23. Qa3 Bc6 24. b4 axb4 25. Qa8+ Kd7 26. Qxd8+ Rxd8 27. Nxf6+ Ke7 28. Nd5+ Bxd5 29. Rxd5 Nf7 30. Bf1 Ra8 31. Rd2 b3 32. Kb1 Ra3 33. Nd4 Rha8 34. Nf5+ Kd7 35. Ree2 Na4 36. Re3 Nc3+ 37. Kb2 bxa2 0-1

[Event "Polanica Zdroj op-A"]
[Site "Polanica Zdroj"]
[Date "2000.08.23"]
[Round "6"]
[White "Malakhatko, Vadim"]
[Black "Berezovics, Alexander"]
[Result "1-0"]
[WhiteElo "2564"]
[BlackElo "2327"]
[PlyCount "65"]
[EventDate "2000.08.17"]
[EventType "swiss"]
[EventRounds "10"]
[EventCountry "POL"]
[SourceTitle "EXT 2001"]
[Source "ChessBase"]
[SourceDate "2000.11.22"]
[SourceVersion "1"]
[SourceVersionDate "2000.11.22"]
[SourceQuality "1"]

1. d4 d6 2. Nf3 g6 3. c4 Bg7 4. Nc3 Nd7 5. e4 e5 6. Be2 c6 7. 0-0 Nh6 8. b3 0-0 9. Bb2 f5 10. dxe5 dxe5 11. b4 Qf6 12. c5 Kh8 13. Nd2 Rd8 14. Qc2 a5 15. a3 axb4 16. axb4 Rxa1 17. Bxa1 Nf8 18. exf5 gxf5 19. Na4 Ng6 20. Re1 Be6 21. Nb6 Qh4 22. Ndc4 Nf7 23. Bf1 e4 24. Bxg7+ Kxg7 25. Ra1 Re8 26. Ra7 Re7 27. Nd6 Nxd6 28. cxd6 Rf7 29. Qc5 Qf6 30. Na8 Ne5 31. Nc7 Nd7 32. Qe3 Bd5 33. Ne8+ 1-0

[Event "Centrocoop Sept op-A"]
[Site "Eforie Nord"]
[Date "1998.??.??"]
[Round "?"]
[White "Berezovics, Alexander"]
[Black "Mozin, Alecsandr"]
[Result "0-1"]
[WhiteElo "2355"]
[BlackElo "2160"]
[PlyCount "102"]
[EventDate "1998.09.??"]
[EventType "swiss"]
[EventRounds "11"]
[EventCountry "ROU"]
[SourceTitle "EXT 2000"]
[Source "ChessBase"]
[SourceDate "1999.11.16"]
[SourceVersion "1"]
[SourceVersionDate "1999.11.16"]
[SourceQuality "1"]

1. Nf3 Nf6 2. d4 g6 3. c4 Bg7 4. Nc3 0-0 5. Bg5 h6 6. Bh4 c5 7. d5 Qa5 8. Nd2 d6 9. e4 e5 10. Be2 a6 11. 0-0 Qb6 12. Qc2 Nh7 13. a3 f5 14. f3 f4 15. b4 Nd7 16. Nb3 Qc7 17. bxc5 Nxc5 18. Nxc5 dxc5 19. Na4 g5 20. Bf2 Bd7 21. Rfb1 Bxa4 22. Qxa4 Bf6 23. Be1 Bd8 24. Rb2 b6 25. Rd1 Qd6 26. Qc6 Qxc6 27. dxc6 Bc7 28. Rd7 Rf7 29. Bd1 Rxd7 30. cxd7 Rd8 31. Ba4 Nf6 32. Bc3 Kf7 33. Rd2 Ke7 34. g3 Nxd7 35. gxf4 exf4 36. Kg2 Ne5 37. Rxd8 Kxd8 38. Bxe5 Bxe5 39. Bd1 b5 40. a4 bxc4 41. Kf2 Kc7 42. Be2 c3 43. Ke1 Kb6 44. Kd1 Ka5 45. Kc2 Kxa4 46. Bxa6 Kb4 47. h3 c4 48. Bc8 Kc5 49. Be6 Kd4 50. Bf7 Ke3 51. Bg6 Kxf3 0-1

[Event "RUS-Cup5"]
[Site "Ekaterinburg"]
[Date "1997.??.??"]
[Round "1"]
[White "Fominyh, Alexander"]
[Black "Berezovics, Alexander"]
[Result "1-0"]
[WhiteElo "2545"]
[BlackElo "2355"]
[PlyCount "99"]
[EventDate "1997.02.13"]
[EventType "swiss"]
[EventRounds "9"]
[EventCountry "RUS"]
[SourceTitle "CBM 057 Extra"]
[Source "ChessBase"]
[SourceDate "1997.05.01"]
[SourceVersion "1"]
[SourceVersionDate "1997.05.01"]
[SourceQuality "1"]

1. d4 d6 2. g3 g6 3. Bg2 Bg7 4. Nf3 Nd7 5. 0-0 e5 6. c4 Nh6 7. Nc3 0-0 8. e4 c6 9. Re1 Re8 10. h3 f6 11. Rb1 Nf7 12. Be3 f5 13. exf5 gxf5 14. Qc2 Nf8 15. dxe5 dxe5 16. Nh4 Qf6 17. f4 Ng6 18. Nxg6 hxg6 19. Na4 e4 20. Red1 b6 21. Bd4 Qe7 22. Bxg7 Kxg7 23. Qc3+ Kh7 24. b4 Be6 25. a3 Rad8 26. c5 b5 27. Nb2 Bd5 28. Re1 g5 29. Qe3 Qf6 30. Nd1 Ba2 31. Rc1 Rd3 32. Qf2 Rxa3 33. Re3 Rxe3 34. Nxe3 Be6 35. g4 gxf4 36. Qxf4 Qe5 37. Qxe5 Nxe5 38. gxf5 Bd5 39. Bf1 Nc4 40. Bxc4 bxc4 41. Ra1 Kh6 42. Kf2 Kg5 43. Kg3 Re7 44. h4+ Kf6 45. Kf4 Rb7 46. b5 Ke7 47. bxc6 Bxc6 48. Nxc4 Bd5 49. Ne3 Bc6 50. Ra6 1-0

[Event "Swidnica op rap"]
[Site "Swidnica"]
[Date "1997.??.??"]
[Round "?"]
[White "Jaracz, Pawel"]
[Black "Berezovics, Alexander"]
[Result "1-0"]
[WhiteElo "2445"]
[BlackElo "2355"]
[PlyCount "46"]
[EventDate "1997.??.??"]
[EventType "swiss (rapid)"]
[EventRounds "9"]
[EventCountry "POL"]
[SourceTitle "EXT 2000"]
[Source "ChessBase"]
[SourceDate "1999.11.16"]
[SourceVersion "1"]
[SourceVersionDate "1999.11.16"]
[SourceQuality "1"]

1. e4 d6 2. d4 g6 3. Nc3 Bg7 4. f4 Nc6 5. d5 Nd4 6. Be3 c5 7. dxc6 Nxc6 8. Nf3 Nf6 9. Bd3 0-0 10. Qe2 a6 11. 0-0 b5 12. h3 Bb7 13. Qf2 Rc8 14. f5 b4 15. Na4 d5 16. Nc5 dxe4 17. Nxe4 Ne5 18. Nxf6+ Bxf6 19. Nxe5 Bxe5 20. Rad1 Qa5 21. Bh6 Bg7 22. Bxg7 Kxg7 23. Rde1 Qc5 1-0

[Event "Decin op"]
[Site "Decin"]
[Date "1996.??.??"]
[Round "8"]
[White "Berezovics, Alexander"]
[Black "Dolezal, Radoslav"]
[Result "1-0"]
[WhiteElo "2360"]
[BlackElo "2270"]
[PlyCount "79"]
[EventDate "1996.??.??"]
[EventType "swiss"]
[EventRounds "9"]
[EventCountry "CZE"]
[SourceTitle "CBM 053 Extra"]
[Source "ChessBase"]
[SourceDate "1996.09.01"]
[SourceVersion "1"]
[SourceVersionDate "1996.09.01"]
[SourceQuality "1"]

1. d4 d5 2. Nf3 Nf6 3. c4 e6 4. g3 Be7 5. Bg2 0-0 6. 0-0 Nbd7 7. b3 b6 8. Nc3 Bb7 9. Bb2 c5 10. cxd5 exd5 11. Nh4 Re8 12. Nf5 Bf8 13. dxc5 Nxc5 14. Qd4 Ne6 15. Qd3 Nc5 16. Qd4 Ne6 17. Qh4 Ne4 18. Qg4 Qg5 19. Qxg5 N6xg5 20. Nb5 Red8 21. Rfc1 Rd7 22. h4 Ne6 23. Bh3 Ba6 24. Nfd4 Bxb5 25. Nxb5 Bc5 26. e3 g6 27. Rc2 f5 28. Rd1 h5 29. Bf1 Kf7 30. Nd4 a5 31. Nf3 Rd6 32. Ne5+ Kg8 33. Nxg6 Kh7 34. Ne7 Rd7 35. Nxf5 Rf8 36. Nd4 Nc7 37. Bg2 Rdf7 38. Bxe4+ dxe4 39. Kg2 Rg8 40. Ne2 1-0

[Event "Pardubice KB op"]
[Site "Pardubice"]
[Date "1996.??.??"]
[Round "8"]
[White "Berezovics, Alexander"]
[Black "Hanko, Pavol"]
[Result "1/2-1/2"]
[WhiteElo "2360"]
[BlackElo "2230"]
[PlyCount "160"]
[EventDate "1996.07.??"]
[EventType "swiss"]
[EventRounds "9"]
[EventCountry "CZE"]
[SourceTitle "CBM 055 Extra"]
[Source "ChessBase"]
[SourceDate "1997.01.01"]
[SourceVersion "1"]
[SourceVersionDate "1997.01.01"]
[SourceQuality "1"]

1. d4 Nf6 2. Nf3 g6 3. c4 Bg7 4. Nc3 d6 5. Bg5 0-0 6. e3 h6 7. Bh4 Nbd7 8. Be2 c6 9. Qc2 Qc7 10. 0-0 e5 11. Rfd1 Re8 12. a3 Nf8 13. dxe5 dxe5 14. Nd2 Bf5 15. Bd3 Be6 16. h3 N6d7 17. b4 a5 18. Rab1 axb4 19. axb4 f5 20. Bg3 Nf6 21. c5 Nd5 22. Bc4 f4 23. Bh2 fxe3 24. Nde4 exf2+ 25. Qxf2 Nxc3 26. Bxe6+ Nxe6 27. Nxc3 Qf7 28. Qxf7+ Kxf7 29. Ne4 Re7 30. Rd6 Kg8 31. Rf1 Rf8 32. Re1 Kh7 33. Rd3 Nc7 34. Nd6 Nd5 35. b5 Nc7 36. bxc6 bxc6 37. Ne4 Nd5 38. Ra3 Rb8 39. Ra6 Rc7 40. Nd6 Nf4 41. Ra3 Rb2 42. Nc4 Rxg2+ 43. Kh1 Re2 44. Rxe2 Nxe2 45. Nxe5 Bxe5 46. Bxe5 Re7 47. Bd6 Re6 48. Ra7+ Kg8 49. Rc7 Nd4 50. Kg2 g5 51. h4 gxh4 52. Kh3 Re4 53. Rd7 Ne6 54. Ra7 Ng5+ 55. Kg2 h3+ 56. Kf2 Rc4 57. Rc7 Rc2+ 58. Ke3 h2 59. Bxh2 Rxh2 60. Rxc6 Kf7 61. Kf4 Ne6+ 62. Kg4 Ke7 63. Rc8 Kd7 64. Rh8 Nxc5 65. Kf5 Ne6 66. Kg6 Nf4+ 67. Kf5 Rh4 68. Ra8 Nd5 69. Rh8 Ne7+ 70. Kf6 Rh1 71. Rh7 Kd6 72. Rh8 Rf1+ 73. Kg7 Nf5+ 74. Kg6 Ke5 75. Re8+ Kf4 76. Ra8 Rg1+ 77. Kf6 Rd1 78. Kg6 Rg1+ 79. Kf6 Ng3 80. Kg6 Nf5+ 1/2-1/2